| 000 | 00451nam a2200109Ia 4500 | ||
|---|---|---|---|
| 008 | 220216s9999 xx 000 0 und d | ||
| 100 |
_aNayak L _cet al |
||
| 245 | 0 | _aHeat resistant electromagnetic interference shielding materials from polysulfone/carbon nanotubes nanocomposites | |
| 260 | _bIndia Rubber Expo & Tyre Show 2013. Conference & Workshop Abstracts, 22-24 January 2013, Mumbai, India. pp. 143-147. | ||
| 650 | _aNanocomposites | ||
| 942 | _cJS | ||
| 999 |
_c60252 _d60252 |
||